Las Aporias del estructuralismo y la crítica Marxista /
Uloženo v:
| Hlavní autor: | |
|---|---|
| Médium: | Neznámo |
| Jazyk: | Spanish |
| Edice: | (Marxismo y Estructuralismo)
|
| Témata: | |
| Tagy: |
Přidat tag
Žádné tagy, Buďte první, kdo vytvoří štítek k tomuto záznamu!
|
MARC
| LEADER | 000000000a22000000004500 | ||
|---|---|---|---|
| 001 | 002350 | ||
| 041 | 0 | |a spa | |
| 100 | 1 | |a Luperini, Romano | |
| 245 | 1 | 4 | |a Las Aporias del estructuralismo y la crítica Marxista / |c Romano Luperini. |
| 310 | |a bimestral | ||
| 490 | 1 | |a (Marxismo y Estructuralismo) | |
| 500 | |a Forma parte de una serie de tres artículos titulada: Marxismo y Estructuralismo. | ||
| 650 | 4 | |a ESTRUCTURALISMO | |
| 650 | 4 | |a MARXISMO | |
| 650 | 4 | |a NUEVA IZQUIERDA | |
| 650 | 4 | |a TEORIA LITERARIA | |
| 650 | 4 | |a JAKOBSON | |
| 650 | 4 | |a LEVI-STRAUSS, CLAUDE, 1908- | |
| 650 | 4 | |a Barthes, Roland, 1915-1980 | |
| 650 | 4 | |a CRITICA LITERARIA | |
| 650 | 4 | |a STAROBISKI | |
| 650 | 4 | |a DELLA VOLPE, GOLDMANN | |
| 650 | 4 | |a ESCUELA DE PRAGA | |
| 650 | 4 | |a PROPP | |
| 650 | 4 | |a SHCLOVSKI | |
| 650 | 4 | |a AVALLE | |
| 650 | 4 | |a MARX, KARL, (1818-1883) | |
| 773 | 0 | |x 008-7157 |d Cuba : Casa de las Américas |t Casa de las Américas |g número 55 (1969), páginas 19-30 | |
| 942 | |c ARC | ||
| 999 | |c 9869 |d 9869 | ||
